Economic backwardness and economic growth : (Record no. 2057)
[ view plain ]
| 000 -LEADER | |
|---|---|
| fixed length control field | 00891cam a22002531 4500 |
| 001 - CONTROL NUMBER | |
| control field | 2057 |
| 003 - CONTROL NUMBER IDENTIFIER | |
| rucl marc code | BD-RjUL |
| 005 - DATE AND TIME OF LATEST TRANSACTION | |
| control field | 20211208233455.0 |
| 008 - FIXED-LENGTH DATA ELEMENTS--GENERAL INFORMATION | |
| fixed length control field | 131210r19601957nyua 001 0 eng d |
| 035 ## - SYSTEM CONTROL NUMBER | |
| System control number | (BD-RjUL) |
| System control number | (OCoLC)230053 |
| 040 ## - CATALOGING SOURCE | |
| Original cataloging agency | DLC |
| Transcribing agency | ODaWU |
| Modifying agency | OCoLC |
| -- | DLC |
| -- | BD-RjUL |
| Language of cataloging | eng |
| 041 ## - LANGUAGE CODE | |
| Language code of text/sound track or separate title | eng |
| 082 ## - DEWEY DECIMAL CLASSIFICATION NUMBER | |
| Classification number | 338.91 |
| Author mark and year | LEE |
| 100 1# - MAIN ENTRY--PERSONAL NAME | |
| Personal name | Leibenstein, Harvey. |
| 9 (RLIN) | 6730 |
| 245 10 - TITLE STATEMENT | |
| Title | Economic backwardness and economic growth : |
| Remainder of title | studies in the theory of economic development. One of a series of books from the research program of the Institute of Industrial Relations, University of California / |
| Statement of responsibility, etc. | Harvey Leibenstein. |
| 260 ## - PUBLICATION, DISTRIBUTION, ETC. (IMPRINT) | |
| Place of publication, distribution, etc. | New York : |
| Name of publisher, distributor, etc. | Wiley, |
| Date of publication, distribution, etc. | c1957 [Printing 1960] |
| 300 ## - PHYSICAL DESCRIPTION | |
| Pagination | 295 p. : |
| Illustrations | ill . ; |
| Size | 24 cm. |
| 504 ## - BIBLIOGRAPHY, ETC. NOTE | |
| Bibliography, etc | Includes index |
| 650 #0 - SUBJECT ADDED ENTRY--TOPICAL TERM | |
| Topical term or geographic name as entry element | Economic development. |
| 9 (RLIN) | 6731 |
| 651 #0 - SUBJECT ADDED ENTRY--GEOGRAPHIC NAME | |
| Geographic name | Developing countries. |
| 9 (RLIN) | 6732 |
| 942 ## - ADDED ENTRY ELEMENTS (KOHA) | |
| Source of classification or shelving scheme | Dewey Decimal Classification |
| Koha item type | Books |
| Lost status | Source of classification or shelving scheme | Damaged status | Not for loan | Collection code | Permanent Location | Current Location | Shelving location | Date acquired | Source of acquisition | Cost, normal purchase price | Total Checkouts | Full call number | Date last seen | Copy number | Koha item type |
|---|---|---|---|---|---|---|---|---|---|---|---|---|---|---|---|
| Dewey Decimal Classification | Non-fiction | Central Library, University of Rajshahi | Central Library, University of Rajshahi | 15/11/1968 | Zeitlinger | 75.00 | 338.91 LEE 1960 | 10/12/2013 | C-2 | Books | |||||
| Dewey Decimal Classification | Non-fiction | Central Library, University of Rajshahi | Central Library, University of Rajshahi | 15/11/1968 | Zeitlinger | 75.00 | 338.91 LEE 1962 | 10/12/2013 | C-3 | Books | |||||
| Dewey Decimal Classification | Non-fiction | Central Library, University of Rajshahi | Central Library, University of Rajshahi | 15/11/1968 | Zeitlinger | 75.00 | 338.91 LEE 1962 | 10/12/2013 | C-7 | Books | |||||
| Dewey Decimal Classification | Non-fiction | Central Library, University of Rajshahi | Central Library, University of Rajshahi | 15/11/1968 | Zeithlinger | 75.00 | 338.91 LEE 1962 | 10/12/2013 | C-10 | Books | |||||
| Dewey Decimal Classification | Non-fiction | Central Library, University of Rajshahi | Central Library, University of Rajshahi | 15/11/1968 | Zitlinger | 75.00 | 338.91 LEE 1962 | 30/04/2015 | C-5 | Books | |||||
| Dewey Decimal Classification | Non-fiction | Central Library, University of Rajshahi | Central Library, University of Rajshahi | 07/10/1958 | Mirza Book agency | 33.12 | 338.91 LEE 1957 | 15/06/2016 | C-4 | Books | |||||
| Dewey Decimal Classification | Non-fiction | Central Library, University of Rajshahi | Central Library, University of Rajshahi | 15/03/1963 | Zeitlinger | 17.00 | 338.91 LEE 1957 | 15/06/2016 | C-6 | Books | |||||
| Dewey Decimal Classification | Non-fiction | Central Library, University of Rajshahi | Central Library, University of Rajshahi | 15/03/1963 | Zeitlinger | 17.00 | 338.91 LEE 1957 | 15/06/2016 | C-8 | Books | |||||
| Dewey Decimal Classification | Non-fiction | Central Library, University of Rajshahi | Central Library, University of Rajshahi | 22/10/1960 | Zeitlinger | 51.00 | 338.91 LEE 1960 | 15/06/2016 | C-9 | Books | |||||
| Dewey Decimal Classification | Non-fiction | Central Library, University of Rajshahi | Central Library, University of Rajshahi | 22/10/1960 | Zeitlinger | 51.00 | 338.91 LEE 1960 | 15/06/2016 | C-1 | Books |